| 000 | 00647cam a22002053a 4500 | ||
|---|---|---|---|
| 001 | 39464 | ||
| 003 | PGUSA | ||
| 005 | 20140828083857.0 | ||
| 008 | 120417s2012||||xxu|||||s|||||000 | eng d | ||
| 040 |
_aPGUSA _beng |
||
| 042 | _adc | ||
| 100 | 1 | _aMacmillan and Co. | |
| 245 | 1 | 0 |
_aMacmillan and Co.'s Catalogue. April 1888 : _bWorks in Belles Lettres, including Poetry, Fiction, etc. _h[electronic resource] / _cMacmillan and Co. |
| 260 |
_bProject Gutenberg, _c2012 |
||
| 506 | _aPublic domain in the USA. | ||
| 516 | _aElectronic text | ||
| 830 | 0 |
_aProject Gutenberg _v39464 |
|
| 856 | 4 | 0 | _uhttp://www.gutenberg.org/ebooks/39464 |
| 942 | _cEB | ||
| 999 |
_c268717 _d268717 |
||